Statistics for NBA All-time Awards Quiz(for KOT4Q) Hard

Click here to take the quiz!

General Stats

  • This quiz has been taken 4 times
  • The average score is 5 of 15

Answer Stats

HintAnswer% Correct
2008 NBA MVPKobe Bryant
100%
1994 DPOYHakeem Olajuwon
100%
2011 DPOYDwight Howard
100%
2016 All NBA 1st team CenterDeAndre Jordan
75%
2000 MVPShaquille O'Neal
75%
1962 MVPBill Russell
50%
2006 Executive of the YearElgin Baylor
25%
2002 ROYPau Gasol
0%
1986 MIPAlvin Robertson
0%
1997 ASGMVPGlen Rice
0%
1989 DPOYMark Eaton
0%
2005 MIPBobby Simmons
0%
2004 COYHubie Brown
0%
1976 ROYAlvan Adams
0%
1970 ASGMVPWillis Reed
0%

Score Distribution

Percentile by Number Answered

Percent of People with Each Score

Your Score History

You have not taken this quiz